駅別乗降者数TOP500 - Statistics

General Stats
  • This quiz has been taken 737 times
  • The average score is 299 of 500
Answer Stats
順位 駅名 運営会社 路線名 乗降者数 % Correct
1 新宿 東日本旅客鉄道 中央線 1044356
99%
4 新宿 京王電鉄 京王線 644129
99%
13 新宿 小田急電鉄 小田原線 355563
99%
75 新宿 東京地下鉄 4号線丸ノ内線 160781
99%
2 渋谷 東急電鉄 東横線 828303
98%
3 池袋 東日本旅客鉄道 山手線 814980
98%
6 大阪 西日本旅客鉄道 東海道線 589958
98%
8 渋谷 東日本旅客鉄道 山手線 497010
98%
11 池袋 東京地下鉄 4号線丸ノ内線 403964
98%
12 池袋 西武鉄道 池袋線 355767
98%
14 池袋 東武鉄道 東上本線 351651
98%
34 渋谷 京王電鉄 井の頭線 245291
98%
116 渋谷 東京地下鉄 3号線銀座線 131457
98%
5 横浜 東日本旅客鉄道 東海道線 607518
97%
7 東京 東日本旅客鉄道 東海道線 565276
97%
9 品川 東日本旅客鉄道 山手線 425004
97%
24 横浜 相模鉄道 本線 305183
97%
28 横浜 東急電鉄 東横線 275095
97%
33 横浜 京浜急行電鉄 本線 247234
97%
62 品川 京浜急行電鉄 本線 179970
97%
119 東京 東京地下鉄 4号線丸ノ内線 131037
97%
145 横浜 横浜市 3号線 112370
97%
211 東京 東海旅客鉄道 東海道新幹線 90681
97%
35 上野 東日本旅客鉄道 東北線 244170
94%
108 上野 東京地下鉄 2号線日比谷線 135927
94%
10 大宮 東日本旅客鉄道 東北線 406320
93%
26 名古屋 名古屋市 1号線東山線 287964
93%
27 名古屋 東海旅客鉄道 東海道線 286117
93%
151 大宮 東武鉄道 野田線 110181
93%
31 京都 西日本旅客鉄道 東海道線 260588
92%
238 京都 京都市 烏丸線 83366
92%
327 京都 近畿日本鉄道 京都線 63506
92%
15 北千住 東武鉄道 伊勢崎線 351035
91%
18 北千住 東日本旅客鉄道 常磐線 337132
91%
19 新橋 東日本旅客鉄道 東海道線 334812
91%
20 川崎 東日本旅客鉄道 南武線 325424
91%
52 北千住 東京地下鉄 9号線千代田線 198711
91%
90 新橋 東京地下鉄 3号線銀座線 147141
91%
240 北千住 首都圏新都市鉄道 常磐新線 82900
91%
353 新橋 東京都 1号線浅草線 60172
91%
440 浜松 東海旅客鉄道 東海道線 49939
91%
21 秋葉原 東日本旅客鉄道 総武線 323058
89%
210 秋葉原 首都圏新都市鉄道 常磐新線 90700
89%
227 秋葉原 東京地下鉄 2号線日比谷線 86073
89%
66 千葉 東日本旅客鉄道 総武線 173822
88%
157 神戸 西日本旅客鉄道 東海道線 105602
88%
25 高田馬場 東日本旅客鉄道 山手線 301468
87%
39 高田馬場 西武鉄道 新宿線 223847
87%
49 有楽町 東日本旅客鉄道 東海道線 205570
87%
51 目黒 東急電鉄 目黒線 199638
87%
87 目黒 東日本旅客鉄道 山手線 149320
87%
106 高田馬場 東京地下鉄 5号線東西線 136847
87%
164 有楽町 東京地下鉄 8号線有楽町線 103877
87%
17 梅田 大阪市高速電気軌道 1号線(御堂筋線) 347504
86%
58 浜松町 東日本旅客鉄道 東海道線 193866
86%
74 日暮里 東日本旅客鉄道 常磐線 164230
86%
94 神田 東日本旅客鉄道 中央線 143648
86%
109 仙台 東日本旅客鉄道 東北線 135252
86%
118 八王子 東日本旅客鉄道 中央線 131142
86%
123 仙台 仙台市 南北線 128754
86%
209 代々木 東日本旅客鉄道 中央線 91866
86%
293 日暮里 京成電鉄 本線 71278
86%
23 西船橋 東京地下鉄 5号線東西線 314331
85%
41 西船橋 東日本旅客鉄道 総武線 221360
85%
43 船橋 東日本旅客鉄道 総武線 219720
85%
183 船橋 東武鉄道 野田線 98586
85%
48 大崎 東日本旅客鉄道 山手線 207466
84%
80 赤羽 東日本旅客鉄道 東北線 156642
84%
30 立川 東日本旅客鉄道 中央線 261640
83%
86 西日暮里 東日本旅客鉄道 東北線 153112
83%
124 西日暮里 東京地下鉄 9号線千代田線 128550
83%
36 大手町 東京地下鉄 4号線丸ノ内線 238306
82%
44 中野 東日本旅客鉄道 中央線 217048
82%
53 恵比寿 東日本旅客鉄道 山手線 198272
82%
61 武蔵小杉 東日本旅客鉄道 南武線 182292
82%
72 武蔵小杉 東急電鉄 東横線 165898
82%
142 巣鴨 東日本旅客鉄道 山手線 113474
82%
154 新大阪 大阪市高速電気軌道 1号線(御堂筋線) 110162
82%
178 新大阪 西日本旅客鉄道 東海道線 99128
82%
207 原宿 東日本旅客鉄道 山手線 92910
82%
260 大手町 東京都 6号線三田線 78183
82%
261 新大阪 東海旅客鉄道 東海道新幹線 77967
82%
266 恵比寿 東京地下鉄 2号線日比谷線 76424
82%
283 巣鴨 東京都 6号線三田線 72595
82%
422 小田原 東日本旅客鉄道 東海道線 52260
82%
477 小田原 小田急電鉄 小田原線 46299
82%
29 難波 大阪市高速電気軌道 1号線(御堂筋線) 268203
81%
37 天王寺 西日本旅客鉄道 関西線 227810
81%
40 天王寺 大阪市高速電気軌道 1号線(御堂筋線) 223050
81%
56 田町 東日本旅客鉄道 東海道線 196426
81%
71 難波 南海電気鉄道 南海本線 168849
81%
158 博多 福岡市 1号線(空港線) 105210
81%
160 広島 西日本旅客鉄道 山陽線 104866
81%
202 博多 九州旅客鉄道 鹿児島線 93823
81%
328 浅草 東京地下鉄 3号線銀座線 63485
81%
45 吉祥寺 東日本旅客鉄道 中央線 215750
80%
50 東日本旅客鉄道 常磐線 201410
80%
133 東武鉄道 野田線 123592
80%
147 吉祥寺 京王電鉄 井の頭線 111397
80%
83 大船 東日本旅客鉄道 東海道線 155340
79%
84 浦和 東日本旅客鉄道 東北線 155340
79%
95 御茶ノ水 東日本旅客鉄道 中央線 142496
79%
46 蒲田 東日本旅客鉄道 東海道線 208676
78%
60 五反田 東日本旅客鉄道 山手線 187368
78%
65 藤沢 東日本旅客鉄道 東海道線 175172
78%
73 押上 京成電鉄 押上線 164265
78%
78 銀座 東京地下鉄 2号線日比谷線 158810
78%
81 松戸 東日本旅客鉄道 常磐線 156432
78%
89 三鷹 東日本旅客鉄道 中央線 147296
78%
105 押上 東京地下鉄 11号線半蔵門線 137245
78%
111 藤沢 小田急電鉄 江ノ島線 134657
78%
121 蒲田 東急電鉄 池上線 128868
78%
136 飯田橋 東京地下鉄 5号線東西線 119584
78%
149 飯田橋 東日本旅客鉄道 中央線 110670
78%
175 御徒町 東日本旅客鉄道 東北線 99442
78%
201 押上 東武鉄道 伊勢崎線 94274
78%
213 新横浜 東日本旅客鉄道 横浜線 89482
78%
242 五反田 東急電鉄 池上線 82403
78%
243 松戸 新京成電鉄 新京成線 82080
78%
427 新横浜 横浜市 3号線 51526
78%
454 五反田 東京都 1号線浅草線 48571
78%
68 国分寺 東日本旅客鉄道 中央線 172398
77%
96 四ツ谷 東日本旅客鉄道 中央線 141896
77%
187 岡山 西日本旅客鉄道 山陽線 97964
77%
204 国分寺 西武鉄道 国分寺線 93722
77%
217 大塚 東日本旅客鉄道 山手線 88786
77%
221 四ツ谷 東京地下鉄 4号線丸ノ内線 87459
77%
291 新大久保 東日本旅客鉄道 山手線 71444
77%
42 町田 小田急電鉄 小田原線 221094
76%
47 代々木上原 小田急電鉄 小田原線 207581
76%
67 町田 東日本旅客鉄道 横浜線 172454
76%
79 錦糸町 東日本旅客鉄道 総武線 157194
76%
98 大井町 東日本旅客鉄道 東海道線 140648
76%
189 大井町 東急電鉄 大井町線 97074
76%
197 水道橋 東日本旅客鉄道 中央線 94672
76%
251 錦糸町 東京地下鉄 11号線半蔵門線 79913
76%
276 駒込 東日本旅客鉄道 山手線 74118
76%
298 田端 東日本旅客鉄道 山手線 69832
76%
409 大井町 東京臨海高速鉄道 りんかい線 53363
76%
59 京橋 西日本旅客鉄道 大阪環状線 193558
75%
97 荻窪 東日本旅客鉄道 中央線 140732
75%
101 金山 名古屋鉄道 名古屋本線 139941
75%
114 札幌 北海道旅客鉄道 函館線 132306
75%
128 金山 名古屋市 2号線名城線 125036
75%
141 金山 東海旅客鉄道 中央線 114555
75%
156 京橋 京阪電気鉄道 京阪本線 105767
75%
163 新木場 東日本旅客鉄道 京葉線 103912
75%
289 新木場 東京地下鉄 8号線有楽町線 71568
75%
299 荻窪 東京地下鉄 4号線丸ノ内線 69821
75%
176 川越 東武鉄道 東上本線 99262
74%
230 静岡 東海旅客鉄道 東海道線 85178
74%
341 川越 東日本旅客鉄道 川越線 61864
74%
401 宇都宮 東日本旅客鉄道 東北線 54270
74%
16 大阪梅田 阪急電鉄 神戸線 349521
73%
69 戸塚 東日本旅客鉄道 東海道線 170396
73%
102 大阪梅田 阪神電気鉄道 本線 139139
73%
103 和光市 東武鉄道 東上本線 138207
73%
104 大森 東日本旅客鉄道 東海道線 137502
73%
112 川口 東日本旅客鉄道 東北線 133838
73%
295 戸塚 横浜市 1号線 70441
73%
57 三ノ宮 西日本旅客鉄道 東海道線 194234
72%
122 日本橋 東京地下鉄 5号線東西線 128765
72%
132 鶴見 東日本旅客鉄道 鶴見線 123666
72%
198 南浦和 東日本旅客鉄道 武蔵野線 94570
72%
300 日本橋 東京都 1号線浅草線 69772
72%
410 日本橋 大阪市高速電気軌道 5号線(千日前線) 53285
72%
412 目白 東日本旅客鉄道 山手線 52650
72%
129 さっぽろ 札幌市 南北線 124894
71%
192 平塚 東日本旅客鉄道 東海道線 96660
71%
247 姫路 西日本旅客鉄道 山陽線 80558
71%
38 名鉄名古屋 名古屋鉄道 名古屋本線 227395
70%
144 桜木町 東日本旅客鉄道 根岸線 112428
70%
218 茅ヶ崎 東日本旅客鉄道 東海道線 88528
70%
484 高崎 東日本旅客鉄道 上越線 45880
70%
22 綾瀬 東京地下鉄 9号線千代田線 321845
69%
76 名古屋市 1号線東山線 160200
69%
77 津田沼 東日本旅客鉄道 総武線 159598
69%
92 鶴橋 西日本旅客鉄道 大阪環状線 146012
69%
100 中目黒 東急電鉄 東横線 140240
69%
130 鶴橋 近畿日本鉄道 大阪線 124506
69%
155 海老名 小田急電鉄 小田原線 109773
69%
161 高槻 西日本旅客鉄道 東海道線 104440
69%
162 橋本 東日本旅客鉄道 横浜線 104156
69%
169 市ヶ谷 東京地下鉄 7号線南北線 102747
69%
173 春日 東京都 6号線三田線 99927
69%
179 天神 福岡市 1号線(空港線) 98950
69%
205 舞浜 東日本旅客鉄道 京葉線 93630
69%
215 海老名 相模鉄道 本線 89216
69%
237 市ヶ谷 東日本旅客鉄道 中央線 83694
69%
267 尼崎 西日本旅客鉄道 東海道線 76128
69%
277 橋本 京王電鉄 相模原線 74104
69%
285 日比谷 東京地下鉄 2号線日比谷線 72417
69%
294 市ヶ谷 東京都 10号線新宿線 70806
69%
337 日比谷 東京都 6号線三田線 62501
69%
485 尼崎 阪神電気鉄道 本線 45850
69%
115 登戸 小田急電鉄 小田原線 131466
68%
120 登戸 東日本旅客鉄道 南武線 129816
68%
174 武蔵小金井 東日本旅客鉄道 中央線 99468
68%
131 新小岩 東日本旅客鉄道 総武線 124006
67%
292 阿佐ヶ谷 東日本旅客鉄道 中央線 71294
67%
88 豊洲 東京地下鉄 8号線有楽町線 148607
66%
91 三田 東京都 1号線浅草線 146044
66%
166 武蔵境 東日本旅客鉄道 中央線 103510
66%
188 市川 東日本旅客鉄道 総武線 97244
66%
222 さいたま新都心 東日本旅客鉄道 東北線 87366
66%
301 府中 京王電鉄 京王線 69727
66%
482 福島 西日本旅客鉄道 大阪環状線 45928
66%
32 小竹向原 東京地下鉄 8号線有楽町線 256651
65%
55 九段下 東京地下鉄 5号線東西線 196642
65%
93 泉岳寺 東京都 1号線浅草線 144789
65%
152 新宿三丁目 東京地下鉄 4号線丸ノ内線 110177
65%
185 大和 小田急電鉄 江ノ島線 98289
65%
196 大和 相模鉄道 本線 95234
65%
249 高円寺 東日本旅客鉄道 中央線 80096
65%
305 豊橋 東海旅客鉄道 東海道線 68682
65%
419 新宿三丁目 東京都 10号線新宿線 52411
65%
469 西国分寺 東日本旅客鉄道 中央線 47088
65%
168 新今宮 西日本旅客鉄道 大阪環状線 102874
64%
172 菊名 東急電鉄 東横線 100255
64%
184 王子 東日本旅客鉄道 東北線 98476
64%
190 本八幡 東日本旅客鉄道 総武線 96922
64%
194 下北沢 小田急電鉄 小田原線 96539
64%
216 下北沢 京王電鉄 井の頭線 89091
64%
223 武蔵浦和 東日本旅客鉄道 武蔵野線 86718
64%
250 浅草橋 東日本旅客鉄道 総武線 80002
64%
259 菊名 東日本旅客鉄道 横浜線 78310
64%
271 新今宮 南海電気鉄道 南海本線 75947
64%
331 本八幡 東京都 10号線新宿線 63077
64%
369 東神奈川 東日本旅客鉄道 横浜線 58846
64%
476 王子 東京地下鉄 7号線南北線 46405
64%
64 淀屋橋 大阪市高速電気軌道 1号線(御堂筋線) 177241
63%
171 練馬 西武鉄道 池袋線 101327
63%
180 調布 京王電鉄 京王線 98916
63%
233 国立 東日本旅客鉄道 中央線 84140
63%
256 六本木 東京地下鉄 2号線日比谷線 78691
63%
322 練馬 東京都 12号線大江戸線 64586
63%
335 淀屋橋 京阪電気鉄道 京阪本線 62695
63%
354 六本木 東京都 12号線大江戸線 60155
63%
383 両国 東日本旅客鉄道 総武線 56472
63%
85 日吉 東急電鉄 東横線 153266
62%
159 小岩 東日本旅客鉄道 総武線 104934
62%
224 所沢 西武鉄道 池袋線 86613
62%
332 日吉 横浜市 4号線 63005
62%
360 赤坂 東京地下鉄 9号線千代田線 59699
62%
451 水戸 東日本旅客鉄道 常磐線 48721
62%
125 大阪難波 近畿日本鉄道 難波線 128104
61%
139 自由が丘 東急電鉄 東横線 116068
61%
228 中央林間 東急電鉄 田園都市線 85428
61%
229 三宮 神戸市 山手線 85392
61%
248 中央林間 小田急電鉄 江ノ島線 80446
61%
288 西荻窪 東日本旅客鉄道 中央線 72000
61%
321 鎌倉 東日本旅客鉄道 横須賀線 64648
61%
417 三宮 神戸新交通 ポートアイランド線 52486
61%
63 本町 大阪市高速電気軌道 1号線(御堂筋線) 179901
60%
70 溝の口 東急電鉄 田園都市線 169774
60%
134 西武新宿 西武鉄道 新宿線 122945
60%
137 二子玉川 東急電鉄 田園都市線 119348
60%
146 長津田 東急電鉄 田園都市線 111495
60%
167 京急川崎 京浜急行電鉄 本線 103024
60%
170 本厚木 小田急電鉄 小田原線 102464
60%
186 長津田 東日本旅客鉄道 横浜線 98078
60%
219 海浜幕張 東日本旅客鉄道 京葉線 87792
60%
252 関内 東日本旅客鉄道 根岸線 79880
60%
320 東中野 東日本旅客鉄道 中央線 64796
60%
373 春日部 東武鉄道 伊勢崎線 57647
60%
396 豊田 東日本旅客鉄道 中央線 55048
60%
468 京急蒲田 京浜急行電鉄 本線 47126
60%
54 神保町 東京都 6号線三田線 198096
59%
113 表参道 東京地下鉄 3号線銀座線 133378
59%
181 相模大野 小田急電鉄 小田原線 98843
59%
191 東日本旅客鉄道 東北線 96882
59%
226 明石 西日本旅客鉄道 山陽線 86174
59%
231 北浦和 東日本旅客鉄道 東北線 85094
59%
244 葛西 東京地下鉄 5号線東西線 81519
59%
323 神保町 東京地下鉄 11号線半蔵門線 64516
59%
371 朝霞 東武鉄道 東上本線 58205
59%
381 元町 西日本旅客鉄道 東海道線 56744
59%
200 西川口 東日本旅客鉄道 東北線 94276
58%
148 霞ヶ関 東京地下鉄 2号線日比谷線 110710
57%
214 亀戸 東日本旅客鉄道 総武線 89342
57%
316 浦安 東京地下鉄 5号線東西線 65344
57%
338 新松戸 東日本旅客鉄道 常磐線 62390
57%
444 我孫子 東日本旅客鉄道 常磐線 49530
57%
494 高尾 東日本旅客鉄道 中央線 45040
57%
107 武蔵溝ノ口 東日本旅客鉄道 南武線 136610
56%
117 朝霞台 東武鉄道 東上本線 131316
56%
206 神戸三宮 阪神電気鉄道 本線 93101
56%
208 東戸塚 東日本旅客鉄道 東海道線 91884
56%
264 神戸三宮 阪急電鉄 神戸線 77001
56%
352 みなとみらい 横浜高速鉄道 みなとみらい21線 60292
56%
404 蘇我 東日本旅客鉄道 内房線 54194
56%
414 新潟 東日本旅客鉄道 信越線 52554
56%
82 大門 東京都 1号線浅草線 156052
55%
153 三軒茶屋 東急電鉄 田園都市線 110173
55%
270 明大前 京王電鉄 京王線 76005
55%
313 赤坂見附 東京地下鉄 3号線銀座線 66327
55%
395 板橋 東日本旅客鉄道 赤羽線 55048
55%
497 熊谷 東日本旅客鉄道 高崎線 44662
55%
126 南越谷 東日本旅客鉄道 武蔵野線 126282
54%
135 大通 札幌市 南北線 120936
54%
138 北朝霞 東日本旅客鉄道 武蔵野線 116468
54%
193 辻堂 東日本旅客鉄道 東海道線 96568
54%
296 青山一丁目 東京地下鉄 3号線銀座線 70199
54%
389 永田町 東京地下鉄 7号線南北線 55754
54%
443 西九条 西日本旅客鉄道 大阪環状線 49734
54%
450 岐阜 東海旅客鉄道 東海道線 48736
54%
453 青山一丁目 東京都 12号線大江戸線 48578
54%
459 相模原 東日本旅客鉄道 横浜線 47968
54%
143 上大岡 京浜急行電鉄 本線 113119
53%
246 近鉄名古屋 近畿日本鉄道 名古屋線 80878
53%
262 八丁堀 東京地下鉄 2号線日比谷線 77337
53%
339 上大岡 横浜市 1号線 62278
53%
474 八丁堀 東日本旅客鉄道 京葉線 46442
53%
140 心斎橋 大阪市高速電気軌道 1号線(御堂筋線) 114695
52%
177 新百合ヶ丘 小田急電鉄 小田原線 99225
52%
232 新浦安 東日本旅客鉄道 京葉線 85040
52%
255 稲毛 東日本旅客鉄道 総武線 79522
52%
376 烏丸 阪急電鉄 京都線 57182
52%
492 与野 東日本旅客鉄道 東北線 45478
52%
127 新越谷 東武鉄道 伊勢崎線 125073
51%
165 あざみ野 東急電鉄 田園都市線 103563
51%
333 あざみ野 横浜市 3号線 62908
51%
364 東銀座 東京地下鉄 2号線日比谷線 59287
51%
372 東銀座 東京都 1号線浅草線 58095
51%
287 明治神宮前 東京地下鉄 9号線千代田線 72293
50%
456 東小金井 東日本旅客鉄道 中央線 48372
50%
99 東梅田 大阪市高速電気軌道 2号線(谷町線) 140272
49%
374 十条 東日本旅客鉄道 赤羽線 57428
49%
415 保土ヶ谷 東日本旅客鉄道 東海道線 52500
49%
110 大阪阿部野橋 近畿日本鉄道 南大阪線 134925
48%
253 西葛西 東京地下鉄 5号線東西線 79655
48%
272 茨木 西日本旅客鉄道 東海道線 75718
48%
281 湘南台 小田急電鉄 江ノ島線 73419
48%
282 後楽園 東京地下鉄 4号線丸ノ内線 72651
48%
297 亀有 東日本旅客鉄道 常磐線 70022
48%
203 西梅田 大阪市高速電気軌道 3号線(四つ橋線) 93736
47%
241 金町 東日本旅客鉄道 常磐線 82704
47%
274 分倍河原 京王電鉄 京王線 74388
47%
280 草加 東武鉄道 伊勢崎線 73516
47%
309 上尾 東日本旅客鉄道 高崎線 67786
47%
318 流山おおたかの森 首都圏新都市鉄道 常磐新線 64900
47%
319 分倍河原 東日本旅客鉄道 南武線 64850
47%
433 流山おおたかの森 東武鉄道 野田線 50453
47%
455 東浦和 東日本旅客鉄道 武蔵野線 48478
47%
303 虎ノ門 東京地下鉄 3号線銀座線 69501
46%
307 千歳烏山 京王電鉄 京王線 68095
46%
310 たまプラーザ 東急電鉄 田園都市線 67725
46%
312 成城学園前 小田急電鉄 小田原線 66680
46%
382 半蔵門 東京地下鉄 11号線半蔵門線 56541
46%
405 横須賀中央 京浜急行電鉄 本線 54149
46%
406 西明石 西日本旅客鉄道 山陽線 53594
46%
411 月島 東京地下鉄 8号線有楽町線 52719
46%
424 月島 東京都 12号線大江戸線 51820
46%
435 草津 西日本旅客鉄道 東海道線 50364
46%
479 築地 東京地下鉄 2号線日比谷線 46259
46%
195 東陽町 東京地下鉄 5号線東西線 96170
45%
239 門前仲町 東京地下鉄 5号線東西線 83052
45%
254 京成高砂 京成電鉄 本線 79605
45%
326 東川口 東日本旅客鉄道 武蔵野線 63988
45%
329 門前仲町 東京都 12号線大江戸線 63318
45%
350 大阪上本町 近畿日本鉄道 難波線 60382
45%
362 住吉 西日本旅客鉄道 東海道線 59562
45%
499 逗子 東日本旅客鉄道 横須賀線 44574
45%
235 茅場町 東京地下鉄 5号線東西線 83986
44%
236 志木 東武鉄道 東上本線 83802
44%
340 南流山 首都圏新都市鉄道 常磐新線 62000
44%
347 南流山 東日本旅客鉄道 武蔵野線 60518
44%
367 早稲田 東京地下鉄 5号線東西線 58991
44%
391 久喜 東日本旅客鉄道 東北線 55518
44%
418 十三 阪急電鉄 京都線 52424
44%
212 江坂 大阪市高速電気軌道 1号線(御堂筋線) 90391
43%
220 三越前 東京地下鉄 11号線半蔵門線 87579
43%
258 西宮北口 阪急電鉄 神戸線 78383
43%
286 四条 京都市 烏丸線 72324
43%
314 京王多摩センター 京王電鉄 相模原線 65805
43%
384 人形町 東京地下鉄 2号線日比谷線 56276
43%
481 高槻市 阪急電鉄 京都線 46012
43%
273 北新地 西日本旅客鉄道 JR東西線 74754
42%
315 石神井公園 西武鉄道 池袋線 65696
42%
342 西新宿 東京地下鉄 4号線丸ノ内線 61742
42%
355 木場 東京地下鉄 5号線東西線 60085
42%
380 山科 西日本旅客鉄道 東海道線 56852
42%
493 元町・中華街 横浜高速鉄道 みなとみらい21線 45066
42%
324 中百舌鳥 大阪市高速電気軌道 1号線(御堂筋線) 64416
41%
334 学芸大学 東急電鉄 東横線 62867
41%
356 京成津田沼 京成電鉄 本線 59839
41%
359 枚方市 京阪電気鉄道 京阪本線 59700
41%
407 平井 東日本旅客鉄道 総武線 53546
41%
420 西八王子 東日本旅客鉄道 中央線 52400
41%
446 京都河原町 阪急電鉄 京都線 48950
41%
265 谷町四丁目 大阪市高速電気軌道 2号線(谷町線) 76878
40%
279 京成船橋 京成電鉄 本線 73750
40%
306 二俣川 相模鉄道 いずみ野線 68149
40%
325 新秋津 東日本旅客鉄道 武蔵野線 64268
40%
330 天下茶屋 大阪市高速電気軌道 6号線(堺筋線) 63146
40%
349 天下茶屋 南海電気鉄道 南海本線 60449
40%
378 戸田公園 東日本旅客鉄道 東北線 57038
40%
385 溜池山王 東京地下鉄 3号線銀座線 56274
40%
393 弁天町 西日本旅客鉄道 大阪環状線 55290
40%
397 金沢文庫 京浜急行電鉄 本線 54960
40%
445 拝島 東日本旅客鉄道 青梅線 49150
40%
447 金沢八景 京浜急行電鉄 本線 48875
40%
466 成増 東武鉄道 東上本線 47199
40%
284 千里中央 北大阪急行電鉄 南北線 72492
39%
361 中野坂上 東京地下鉄 4号線丸ノ内線 59580
39%
434 石川町 東日本旅客鉄道 根岸線 50402
39%
452 越谷レイクタウン 東日本旅客鉄道 武蔵野線 48640
39%
472 幕張本郷 東日本旅客鉄道 総武線 46710
39%
199 堺筋本町 大阪市高速電気軌道 4号線(中央線) 94512
38%
245 綱島 東急電鉄 東横線 81372
38%
275 赤羽岩淵 東京地下鉄 7号線南北線 74273
38%
302 新御茶ノ水 東京地下鉄 9号線千代田線 69707
38%
308 経堂 小田急電鉄 小田原線 67898
38%
344 谷町九丁目 大阪市高速電気軌道 2号線(谷町線) 61445
38%
478 南草津 西日本旅客鉄道 東海道線 46296
38%
234 青葉台 東急電鉄 田園都市線 84111
37%
311 中山 東日本旅客鉄道 横浜線 67522
37%
480 甲子園 阪神電気鉄道 本線 46116
37%
150 森下 東京都 10号線新宿線 110281
36%
225 馬喰横山 東京都 10号線新宿線 86237
36%
317 秋津 西武鉄道 池袋線 65338
36%
346 新杉田 東日本旅客鉄道 根岸線 60596
36%
363 田無 西武鉄道 新宿線 59316
36%
257 烏丸御池 京都市 烏丸線 78631
35%
345 東日本橋 東京都 1号線浅草線 60624
35%
399 西新井 東武鉄道 伊勢崎線 54526
35%
441 南砂町 東京地下鉄 5号線東西線 49803
35%
464 広尾 東京地下鉄 2号線日比谷線 47467
35%
465 天神橋筋六丁目 大阪市高速電気軌道 2号線(谷町線) 47214
35%
268 天満橋 大阪市高速電気軌道 2号線(谷町線) 76123
34%
408 大曽根 東海旅客鉄道 中央線 53523
34%
421 元住吉 東急電鉄 東横線 52261
34%
428 聖蹟桜ヶ丘 京王電鉄 京王線 51363
34%
463 武蔵中原 東日本旅客鉄道 南武線 47558
34%
498 茨木市 阪急電鉄 京都線 44575
34%
351 羽田空港第1・第2ターミナル 京浜急行電鉄 空港線 60345
34%
398 ふじみ野 東武鉄道 東上本線 54923
33%
416 外苑前 東京地下鉄 3号線銀座線 52494
33%
423 鷺沼 東急電鉄 田園都市線 51863
33%
490 千種 東海旅客鉄道 中央線 45504
33%
357 神谷町 東京地下鉄 2号線日比谷線 59759
32%
386 駒沢大学 東急電鉄 田園都市線 56268
32%
387 小川町 東京都 10号線新宿線 55919
32%
448 センター南 横浜市 3号線 48839
32%
460 センター北 横浜市 3号線 47833
32%
304 大泉学園 西武鉄道 池袋線 69496
31%
366 竹ノ塚 東武鉄道 伊勢崎線 59069
31%
392 東大宮 東日本旅客鉄道 東北線 55454
31%
426 港南台 東日本旅客鉄道 根岸線 51606
31%
430 水天宮前 東京地下鉄 11号線半蔵門線 51091
31%
431 町屋 東京地下鉄 9号線千代田線 50919
31%
438 保谷 西武鉄道 池袋線 50054
31%
461 千歳船橋 小田急電鉄 小田原線 47665
31%
483 向ヶ丘遊園 小田急電鉄 小田原線 45891
31%
489 行徳 東京地下鉄 5号線東西線 45581
31%
390 用賀 東急電鉄 田園都市線 55631
30%
402 南柏 東日本旅客鉄道 常磐線 54230
30%
365 武蔵新城 東日本旅客鉄道 南武線 59194
29%
377 モノレール浜松町 東京モノレール 東京モノレール羽田線 57112
29%
429 六本木一丁目 東京地下鉄 7号線南北線 51319
29%
439 堺東 南海電気鉄道 高野線 49980
29%
263 伏見 名古屋市 1号線東山線 77082
28%
379 桜新町 東急電鉄 田園都市線 56968
28%
400 清瀬 西武鉄道 池袋線 54478
28%
437 刈谷 東海旅客鉄道 東海道線 50134
28%
467 新長田 神戸市 西神線 47152
28%
269 姪浜 福岡市 1号線(空港線) 76073
27%
278 勝どき 東京都 12号線大江戸線 73964
27%
368 ひばりヶ丘 西武鉄道 池袋線 58883
27%
370 北浜 大阪市高速電気軌道 6号線(堺筋線) 58794
27%
375 茗荷谷 東京地下鉄 4号線丸ノ内線 57275
27%
442 光が丘 東京都 12号線大江戸線 49778
27%
348 鴨居 東日本旅客鉄道 横浜線 60456
25%
358 淵野辺 東日本旅客鉄道 横浜線 59730
24%
403 新津田沼 新京成電鉄 新京成線 54218
24%
500 初台 京王電鉄 京王線 44463
24%
290 南森町 大阪市高速電気軌道 2号線(谷町線) 71447
23%
336 仙川 京王電鉄 京王線 62685
23%
449 南大沢 京王電鉄 相模原線 48778
23%
495 麹町 東京地下鉄 8号線有楽町線 44936
23%
394 西中島南方 大阪市高速電気軌道 1号線(御堂筋線) 55186
22%
432 船堀 東京都 10号線新宿線 50855
22%
457 東武練馬 東武鉄道 東上本線 48065
22%
471 瑞江 東京都 10号線新宿線 46834
20%
487 小田急相模原 小田急電鉄 小田原線 45726
20%
488 上福岡 東武鉄道 東上本線 45590
20%
462 鶴ヶ峰 相模鉄道 本線 47661
19%
470 藤が丘 名古屋市 1号線東山線 46902
19%
496 大倉山 東急電鉄 東横線 44836
19%
413 垂水 西日本旅客鉄道 山陽線 52600
18%
473 三ツ境 相模鉄道 本線 46531
18%
182 西鉄福岡(天神) 西日本鉄道 天神大牟田線 98680
17%
425 鶴川 小田急電鉄 小田原線 51717
17%
486 せんげん台 東武鉄道 伊勢崎線 45764
17%
388 肥後橋 大阪市高速電気軌道 3号線(四つ橋線) 55755
16%
436 住道 西日本旅客鉄道 片町線 50178
15%
475 獨協大学前 東武鉄道 伊勢崎線 46419
14%
491 花小金井 西武鉄道 新宿線 45498
14%
458 矢場町 名古屋市 2号線名城線 47990
9%
343 笹塚 京王電鉄 京王線 61710
1%
No matching quizzes found
Score Distribution
Percent of People with Each Score
Percentile by Number Answered
Your Score History
You have not taken this quiz